Responses for Show #6607 - Tuesday, May 14, 2013

2013 College Championship semifinal game 2.

Contestants

[<< previous game]

Jed Silver, a senior at Tufts University from the Bronx, New York

Cindy Cammarn, a junior at Bowdoin College from Charlotte, North Carolina

Kristen Jolley, a senior at the Georgia Institute of Technology from Alpharetta, Georgia

[next game >>]

Jeopardy! Round responses

WORLD ATHLETES
PROFESSORS
ON THE MAP
THE CRACKER BARREL
"P"ROVERBS
THE YOGI BEARS
    $200 4
Maria Sharapova

Jed
    $200 1
emeritus

Kristen
    $200 5
(Alex: It's also the longest river in the world, period, going in any direction.)

the Nile

Kristen
    $200 21
Goldfish

Cindy
    $200 8
a picture

Cindy
    $200 26
(Kristen: What is meditation?)
(Cindy: What is yoga?)

breathing

KristenCindyJed
    $400 9
(David) Beckham

Cindy
    $400 2
astronomy

Kristen
    $400 12
South America

Jed
    $400 22
matzo

Cindy
    $400 17
(Kristen: What are people?)

pitchers

Kristen
Triple Stumper
    $400 27
lotus

Jed
    $600 10
Ashley Judd

Cindy
    $600 3
Spike Lee

Jed
    $1,000 14
(Jed: What are the Yucatan and... Baja California?)

the Yucatan & Florida

Jed
    $600 23
Ritz

Kristen
    $600 18
power

Kristen
    $600 28
the forehead

Jed
    $800 11
Vijay Singh

Jed
    $800 6
(Jed: Umm, what... is... Black Panthers?)

the Weathermen

Jed
Triple Stumper
    $800 15
(Jed: What is the Strait of Hong Kong?)

the Taiwan Strait

Jed
Triple Stumper
    $800 24
pretzels

Cindy
    $800 19
politics

Triple Stumper
    $800 29
(Kristen: What is red?)
(Cindy: What is orange?)

yellow

KristenCindy
Triple Stumper
    $1000 13
(Jed: Who is Crosby?)

Evgeni Malkin

Jed
Triple Stumper
    $1000 7
Howard Zinn

Triple Stumper
    $1000 16
Estonia

Jed
    $1000 25
oyster crackers

Cindy
    $1000 20
the piper

Kristen
    $1000 30
Shiva

Kristen

Scores at the first commercial break (after clue 14):

Kristen Cindy Jed
$800 $1,200 -$800

Scores at the end of the Jeopardy! Round:

Kristen Cindy Jed
$2,600 $2,600 $600

Double Jeopardy! Round responses

AMERICA AFTER THE REVOLUTION
NEWSWORDY
SHAKESPEARE
6-LETTER WORDS
BIOLOGY 101
I GOT MAD HIP-HOP SKILLZ
(Alex: I'm going to give you the lyric, you identify the artist who came out with the song.)
    $400 18
the State Department

Jed
    $400 11
sequester

Jed
    $400 13
Juliet

Cindy
    $400 26
(Alex: With less than a minute to go.)

a border

Cindy
    $400 2
(Kristen: What is mitosis?)

fission

Kristen
Triple Stumper
    $400 1
Eminem

Kristen
    $800 21
the University of North Carolina

Kristen
    $800 12
Afghanistan

Cindy
    $800 14
A Comedy of Errors

Kristen
    $800 20
mortal

Triple Stumper
    $800 3
(Kristen: What are white blood cells?)

platelets

Kristen
Triple Stumper
    $800 7
[Kristen laughs]
(Alex: What, I didn't do it right?)
(Kristen: You did it great.)

Snoop Dogg

Triple Stumper
    $1200 25
the Encyclopedia Britannica

Kristen
    $1200 23
(Kristen: What is... a... pope selection?)

conclaves

KristenJed
    $1200 15
Bianca

Cindy
    $1200 19
impact

Jed
    $1200 4
alleles

Kristen
    $1200 8
(Alex: Yeah, I sound just like him, don't I?)
(Cindy: Absolutely, Alex.)
(Alex: Thank you.)
(Cindy: HIP-HOP SKILLZ for $1600.)
(Alex: I'm only here for humor.)

Kanye West

Cindy
    $2,000 27
(Cindy: What is the ABC Affair?)
(Alex: Oh, you're at the wrong end of the alphabet. It's [*].)

the XYZ Affair

Cindy
    $1600 29
amnesty

Jed
    $1600 16
Pericles

Kristen
    $1600 22
a gaffer

Jed
    $3,000 5
chloroplasts

Kristen
    $1600 9
(Jed: Who is... Tupac?)
...
(Alex: Who is [*]? Like me.)
[Laughter]
(Cindy: Let's finish HIP-HOP SKILLZ.)
(Alex: You just want to get rid of me.)

LL Cool J

Jed
Triple Stumper
    $2000 28
Shays' Rebellion

Cindy
    $2000 30
thundersnow

Triple Stumper
    $2000 17
Mistress Quickly

Cindy
    $2000 24
(Kristen: What is Siberia?)

Arctic

Kristen
Triple Stumper
    $2000 6
dinoflagellates

Kristen
    $2000 10
the Beastie Boys

Jed

Scores at the end of the Double Jeopardy! Round:

Kristen Cindy Jed
$9,200 $8,600 $7,400

[wagering suggestions for these scores]

Final Jeopardy! Round responses

MODERN-DAY CHINA
(Alex: We're talking about the calendar, so 535 would be, what, May 35th?)
...
(Jed: It was gonna be a 5.)
JedWhat is June [illegible symbol]
$1,801
CindyWhat is May 5?
$8,599
KristenWhat is the date of Tiananmen Sq.
$1,799
June 4

Final scores:

Kristen Cindy Jed
$7,401 $1 $5,599
Finalist 3rd place: $10,000 2nd place: $10,000

Game dynamics:

Coryat scores:

Kristen Cindy Jed
$7,800 $10,600 $8,400
15 R
(including 1 DD),
7 W
14 R,
3 W
(including 1 DD)
15 R,
5 W
(including 1 DD)

Combined Coryat: $26,800

[game clues] [game scores] [suggest correction]

Game tape date: 2013-04-09
The J! Archive is created by fans, for fans. Scraping, republication, monetization, and malicious use prohibited; this site may use cookies and collect identifying information. See terms. The Jeopardy! game show and all elements thereof, including but not limited to copyright and trademark thereto, are the property of Jeopardy Productions, Inc. and are protected under law. This website is not affiliated with, sponsored by, or operated by Jeopardy Productions, Inc. Join the discussion at JBoard.tv.